|
|
|
|
| LEADER |
00000nam0a2200000 4500 |
| 001 |
79037 |
| 005 |
20231101213031.0 |
| 035 |
|
|
|a (RuTPU)RU\TPU\book\84908
|
| 090 |
|
|
|a 79037
|
| 100 |
|
|
|a 20050718d1967 k y0rusy50 ca
|
| 101 |
0 |
|
|a rus
|
| 102 |
|
|
|a RU
|
| 105 |
|
|
|a a z 001zy
|
| 200 |
1 |
|
|a Полиморфизм окислов редкоземельных элементов
|f В. Б. Глушкова
|g Академия Наук СССР; Институт химии силикатов им. И. В. Гребенщикова
|
| 210 |
|
|
|a Ленинград
|c Наука
|d 1967
|
| 215 |
|
|
|a 133 с.
|c ил.
|
| 320 |
|
|
|a Библиогр.: с. 128-132
|
| 606 |
1 |
|
|a Редкоземельные элементы, оксиды
|x Химия
|2 stltpush
|3 (RuTPU)RU\TPU\subj\75159
|9 87030
|
| 610 |
1 |
|
|a полиморфизм
|
| 610 |
1 |
|
|a окислы
|
| 610 |
1 |
|
|a редкоземельные окислы
|
| 610 |
1 |
|
|a фазовые превращения
|
| 610 |
1 |
|
|a превращения
|
| 610 |
1 |
|
|a взаимодействия
|
| 610 |
1 |
|
|a модификации
|
| 675 |
|
|
|a 546.65
|v 3
|
| 700 |
|
1 |
|a Глушкова
|b В. Б.
|g Вера Борисовна
|
| 712 |
0 |
2 |
|a Академия наук СССР (АН СССР)
|b Институт химии силикатов им. И. В. Гребенщикова (ИХС)
|c (Ленинград)
|2 stltpush
|3 (RuTPU)RU\TPU\col\11534
|
| 801 |
|
1 |
|a RU
|b 63413507
|c 20050718
|g PSBO
|
| 801 |
|
2 |
|a RU
|b 63413507
|c 20160303
|g PSBO
|
| 942 |
|
|
|c BK
|